Associa il nome, al cognome dell'attore italiano - Statistics

Statistiche generali
  • Questo quiz è stato fatto 163 volte
  • Il punteggio medio è 33 su 59
Statistiche sulle risposte
Hint Risposta % Corretto
Checco Zalone
93%
Bud Spencer
90%
Christian De Sica
89%
Diego Abatantuono
80%
Lino Banfi
80%
Raoul Bova
80%
Terence Hill
80%
Roberto Benigni
77%
Aldo Baglio
75%
Gigi Proietti
75%
Pierfrancesco Favino
73%
Carlo Verdone
73%
Alberto Sordi
72%
Stefano Accorsi
69%
Riccardo Scamarcio
69%
Alvaro Vitali
68%
Antonio Albanese
67%
Jerry Calà
67%
Rocco Papaleo
67%
Nanni Moretti
66%
Vittorio Gassman
65%
Leonardo Pieraccioni
64%
Marcello Mastroianni
63%
Renato Pozzetto
63%
Paolo Villaggio
63%
Sergio Castellitto
61%
Neri Marcorè
60%
Ugo Tognazzi
60%
Edoardo Leo
59%
Toni Servillo
59%
Massimo Troisi
58%
Giacomo Poretti
57%
Kim Rossi Stuart
57%
Giovanni Storti
55%
Johnny Dorelli
53%
Ciccio Ingrassia
53%
Elio Germano
52%
Enrico Montesano
48%
Michele Placido
48%
Valerio Mastandrea
46%
Giancarlo Giannini
45%
Nino Manfredi
44%
Claudio Santamaria
44%
Gian Maria Volonté
40%
Alessandro Borghi
39%
Marco Giallini
36%
Giuliano Gemma
33%
Franco Nero
31%
Silvio Orlando
31%
Fabrizio Bentivoglio
30%
Francesco Nuti
30%
Valentino Picone
30%
Giuseppe Battiston
29%
Salvatore Ficarra
28%
Luca Marinelli
28%
Luigi Lo Cascio
27%
Bruno Ganz
25%
Libero De Rienzo
24%
Vinicio Marchioni
24%
Nessun quiz corrispondente trovato
Distribuzione punteggi
Percentuale di utenti per punteggio
Percentile per numero di risposta
I tuoi punteggi nel tempo
Non hai fatto questo quiz